|
|
|
|
| LEADER |
00000nam0a2200000 4500 |
| 001 |
132960 |
| 005 |
20231031135147.0 |
| 010 |
|
|
|a 9785255015207
|
| 035 |
|
|
|a (RuTPU)RU\TPU\book\143974
|
| 090 |
|
|
|a 132960
|
| 100 |
|
|
|a 20080311d2007 m y0rusy50 ca
|
| 101 |
0 |
|
|a rus
|
| 102 |
|
|
|a RU
|
| 105 |
|
|
|a a z 000zy
|
| 200 |
1 |
|
|a Фантазии из колготок. Мягкая игрушка
|f Н. А. Ванханен
|
| 210 |
|
|
|a Москва
|c Профиздат
|d 2007
|
| 215 |
|
|
|a 64 с.
|c цв. ил.
|
| 225 |
1 |
|
|a Тайны ремёсел
|
| 330 |
|
|
|a Сделать своими руками забавные игрушки, необычные сувениры поможет вам книга Надежды Ванханен «Фантазии из колготок». Книга содержит подробное руководство и схемы по изготовлению из разноцветных колготок моделей разной степени сложности. Книга полезна как для начинающих любителей рукоделия, так и для мастеров, может служить пособием для кружков мягкой игрушки.
|
| 610 |
1 |
|
|a популярная литература
|
| 610 |
1 |
|
|a детская литература
|
| 610 |
1 |
|
|a рукоделие
|
| 610 |
1 |
|
|a игрушки
|
| 610 |
1 |
|
|a мягкие игрушки
|
| 675 |
|
|
|a 087
|v 3
|
| 700 |
|
1 |
|a Ванханен
|b Н. А.
|g Надежда Александровна
|
| 801 |
|
1 |
|a RU
|b 63413507
|c 20080311
|g PSBO
|
| 801 |
|
2 |
|a RU
|b 63413507
|c 20221207
|g PSBO
|
| 942 |
|
|
|c BK
|